Online Catalogue and eLibrary

Parani ladiva Sinhala Demala sabadatha (Record no. 5165)

MARC details
000 -LEADER
fixed length control field 00444nam a2200169Ia 4500
005 - DATE AND TIME OF LATEST TRANSACTION
control field 20250701165949.0
008 - FIXED-LENGTH DATA ELEMENTS--GENERAL INFORMATION
fixed length control field 240331s9999 xx 000 0 und d
020 ## - INTERNATIONAL STANDARD BOOK NUMBER
ISBN 9552088690
082 ## - DDC Classification
Item Number - Author Mark SAR
Class No. 800
100 ## - MAIN ENTRY--PERSONAL NAME
Personal name Sarath,L
245 #0 - TITLE STATEMENT
Title Parani ladiva Sinhala Demala sabadatha
250 ## - EDITION STATEMENT
Edition statement 3rd
260 ## - PUBLICATION, DISTRIBUTION, ETC.
Place of publication, distribution, etc. Colombo
Name of publisher, distributor, etc. S. Godage & Brothers
Date of publication, distribution, etc. 2006
300 ## - PHYSICAL DESCRIPTION
Extent (e.g. Volumes, Pages etc.) 72 p .,
500 ## - GENERAL NOTE
General note Sinhala - Tamil Relations in Ancient Sri Lanka
942 ## - Koha item type (Biblio)
Koha item type Books in Stacks (Lending)
Holdings
Lost status Damaged status Collection code Home library Current library Shelving location Date acquired Full call number Accession Number Item type
    Lending WERC Library WERC Library Social Science Cupboard 03/31/2024 800 SAR 6337 Books in Stacks (Lending)

© WERC Library